• 首页
  • 本馆介绍
  • 公告通知
  • 最新文献
  • 馆藏检索
  • 电子资源
  • 读者导购
  • 参考咨询
  • 我的图书馆
  • 登录
  • 详细信息显示
  • 放入我的书架
  • 预约/预借图书
  • 作者相关作品
  • 分类相关作品
  • 丛书相关作品
  • 出版社相关作品

书目信息

  • 表格格式
  • 工作单格式
  • 卡片格式
题名:
隐藏在家庭中的五行系统动力
    
 
作者: 肖然 著
分册:  
出版信息: 北京   世界图书出版公司北京公司  2017
页数: 12,315页
开本: 23cm
丛书名:
单 册:
中图分类: C913.11
科图分类:
主题词: 家庭问题--jia ting wen ti--研究
电子资源:
ISBN: 978-7-5192-2153-9
000 01092nam0 22002531 450
001 1754519277
005 20170516112211.0
010    @a978-7-5192-2153-9@dCNY48.00
100    @a20170427d2017 em y0chiy50 ea
101 0  @achi
102    @aCN@b110000
105    @ay z 000yy
106    @ar
200 1  @a隐藏在家庭中的五行系统动力@9yin cang zai jia ting zhong de wu hang xi tong dong li@e五行家庭序位与治疗案例@f肖然著
210    @a北京@c世界图书出版公司北京公司@d2017
215    @a12,315页@c图@d23cm
314    @a肖然,男,中医心理学家,身心全息疗法创始人等。
330    @a本书将五行规律融入家庭治疗,以真实的案例来呈现因违背系统规律而给家庭带来的各种问题,包括疾病、意外、成长阻碍等,有些事件甚至会重复地发生,一代一代地延续。本书将能够帮助你找到家庭问题的根源,然后重新调整这个被扰乱的系统,以恢复身心健康,或解决生命中遇到的问题。
517 1  @a五行家庭序位与治疗案例@9wu hang jia ting xu wei yu zhi liao an li
606 0  @a家庭问题@9jia ting wen ti@x研究
690    @aC913.11@v5
701  0 @a肖然@9xiao ran@4著
801  0 @aCN@b百万庄@c20170513
905    @b1005972-7@dC913.11@e1009@f6
    
    隐藏在家庭中的五行系统动力:五行家庭序位与治疗案例/肖然著.-北京:世界图书出版公司北京公司,2017
    12,315页:图;23cm
    
    
    ISBN 978-7-5192-2153-9:CNY48.00
    本书将五行规律融入家庭治疗,以真实的案例来呈现因违背系统规律而给家庭带来的各种问题,包括疾病、意外、成长阻碍等,有些事件甚至会重复地发生,一代一代地延续。本书将能够帮助你找到家庭问题的根源,然后重新调整这个被扰乱的系统,以恢复身心健康,或解决生命中遇到的问题。
●
相关链接 在E读中查询图书 在五车中查询图书 在当当中查询图书 在豆瓣中查询图书


正题名:隐藏在家庭中的五行系统动力     索取号:C913.11/1009         预约/预借

序号 登录号 条形码 馆藏地/架位号 状态 备注
1 1005972   210059728   第一样本阅览室/ [索取号:C913.11/1009] 在馆    
2 1005973   210059737   教育系资料室/ [索取号:C913.11/1009] 在馆    
3 1005974   210059746   教育系资料室/ [索取号:C913.11/1009] 在馆    
4 1005975   210059755   教育系资料室/ [索取号:C913.11/1009] 在馆    
5 1005976   210059764   第一借阅区/ [索取号:C913.11/1009] 在馆    
6 1005977   210059773   第一借阅区/ [索取号:C913.11/1009] 在馆    
唐山师范学院图书馆 欢迎您!
大连网信软件有限公司© 版权所有